| 000 | 00592 a2200193 4500 | ||
|---|---|---|---|
| 003 | OSt | ||
| 005 | 20180116182712.0 | ||
| 008 | 160822b xxu||||| |||| 00| 0 eng d | ||
| 020 | _a0 | ||
| 040 | _c0 | ||
| 082 | _a658.562 PIQ 1996 | ||
| 100 | _aPakistan Institute of Quality Control (PIQC) | ||
| 110 | _aPakistan Institute of Quality Control (PIQC) | ||
| 245 |
_aISO 14000 Internal EMS Auditing _cPakistan Institute of Quality Control (PIQC) |
||
| 260 |
_aLahore _bPIQC _c1996 |
||
| 300 |
_a126 p. _bPB |
||
| 440 | _aISO 14000 Internal EMS Auditing | ||
| 942 |
_aNBS _cBK _k658.562 PIQ _2ddc |
||
| 999 |
_c344425 _d344425 |
||